| 000 | 00000nam##2200000za#4500 |
| 001 | 9.581398 |
| 003 | CaOODSP |
| 005 | 20210624191509 |
| 007 | cr ||||||||||| |
| 008 | 150406|2014||||xxc|||||o f|0| 0 eng|d |
| 040 | |aCaOODSP|beng |
| 043 | |an-cn--- |
| 086 | 1 |aRv55-5/11-4-24-2014E-PDF |
| 110 | 2 |aCanada Border Services Agency. |
| 245 | 10|aUniform regulations – chapters C and E of the Canada-Chile Free Trade Agreement (CCFTA) |h[electronic resource] |
| 260 | |aOttawa - Ontario : |bCanada Border Services Agency |
| 300 | |a13p. |
| 490 | 1 |aCustoms D memoranda. D11, General tariff information |vD11-4-24, December 8, 2014 |
| 500 | |aSuperseded Memorandum D - D11-4-24 dated November 28, 1997 |
| 590 | |a15-03|b2015-01-16 |
| 775 | 08|tRèglementation uniforme – chapitres C et E de l'Accord de libre-échange entre le Canada et le Chili (ALÉCC) |w(CaOODSP)9.608229 |
| 830 | #0|aCustoms D memoranda. D11, General tariff information ;|vD11-4-24, December 8, 2014|w(CaOODSP)9.816825 |
| 856 | 40|ahttp://publications.gc.ca|qPDF|s139 KB|uhttps://publications.gc.ca/collections/collection_2015/asfc-cbsa/Rv55-5-11-4-24-2014-eng.pdf|yD11-4-24, December 8, 2014 |